Nghiên cứu xây dựng mô hình thực hành IoT đáp ứng công nghiệp 4.0 áp dụng giàng dạy sinh viên hệ Đại học: Báo cáo tổng kết đề tài nghiên cứu Khoa học cấp Trường

Gorde:
Xehetasun bibliografikoak
Egile nagusia: Nguyễn, Ngọc Sơn
Formatua: Đề tài khoa học
Hizkuntza:Undetermined
Argitaratua: Trường Đại học Công nghiệp Tp. Hồ Chí Minh 2020
Gaiak:
Sarrera elektronikoa:https://opac.iuh.edu.vn/TraCuuTaiLieuSo2XemChiTiet.aspx?Id=111958
Etiketak: Etiketa erantsi
Etiketarik gabe, Izan zaitez lehena erregistro honi etiketa jartzen!
Thư viện lưu trữ: Trung tâm Thư viện - Trường Đại học Công nghiệp TP. Hồ Chí Minh
LEADER 00862nam a2200169Ia 4500
001 UIH_00784
008 230809s9999 xx 000 0 und d
082 |a 621.381 
100 |a Nguyễn, Ngọc Sơn 
245 0 |a Nghiên cứu xây dựng mô hình thực hành IoT đáp ứng công nghiệp 4.0 áp dụng giàng dạy sinh viên hệ Đại học: Báo cáo tổng kết đề tài nghiên cứu Khoa học cấp Trường 
245 0 |c Nguyễn, Ngọc Sơn 
260 |b Trường Đại học Công nghiệp Tp. Hồ Chí Minh 
260 |c 2020 
650 |a Công nghệ điện tử; 
856 |u https://opac.iuh.edu.vn/TraCuuTaiLieuSo2XemChiTiet.aspx?Id=111958 
927 |a Đề tài khoa học 
980 |a Trung tâm Thư viện - Trường Đại học Công nghiệp TP. Hồ Chí Minh